مكتبة جامعة عجلون الوطنية

فهرس بحث المكتبة

اثر استخدام بطاقة الاداء المتوازن على حوافز الشركات الصناعية العراقية: دراسة حالة على الشركة العامة لصناعة الادوية والمستلزمات الطبية/سامراء = The Effect of using A Balanced Scorecard on the Incentives of iraqi Industrial Companies: A Case Study on the State company for drugs industrt and medical appliances/Samarra / (Record no. 31216)

MARC details
000 -LEADER
fixed length control field 01414nam a2200241Ii 4500
003 - CONTROL NUMBER IDENTIFIER
control field JO-AjNU
005 - DATE AND TIME OF LATEST TRANSACTION
control field 20240624105243.0
008 - FIXED-LENGTH DATA ELEMENTS--GENERAL INFORMATION
fixed length control field 230605s9999||||xx |||||||||||||| ||und||
040 ## - CATALOGING SOURCE
Original cataloging agency JO-AjNU
Language of cataloging ara
Description conventions rda
Transcribing agency JO-AjNU
041 ## - LANGUAGE CODE
Language code of text/sound track or separate title ara
050 14 - LIBRARY OF CONGRESS CALL NUMBER
Classification number HF5686 2021
100 #1 - MAIN ENTRY--PERSONAL NAME
Personal name هجيج، احمد حسين محمد
Relator term معد
9 (RLIN) 65528
245 00 - TITLE STATEMENT
Title اثر استخدام بطاقة الاداء المتوازن على حوافز الشركات الصناعية العراقية: دراسة حالة على الشركة العامة لصناعة الادوية والمستلزمات الطبية/سامراء = The Effect of using A Balanced Scorecard on the Incentives of iraqi Industrial Companies: A Case Study on the State company for drugs industrt and medical appliances/Samarra /
Statement of responsibility, etc. اعداد احمد حسين محمد هجيج؛ اشراف مأمون محمد القضاة
264 31 - PRODUCTION, PUBLICATION, DISTRIBUTION, MANUFACTURE, AND COPYRIGHT NOTICE
Place of production, publication, distribution, manufacture 2021
300 ## - PHYSICAL DESCRIPTION
Extent 106 ورقة
336 ## - CONTENT TYPE
Content type term text
Content type code txt
Source rdacontent
337 ## - MEDIA TYPE
Media type term unmediated
Media type code n
Source rdamedia
338 ## - CARRIER TYPE
Carrier type term volume
Carrier type code nc
Source rdacarrier
500 ## - GENERAL NOTE
General note رسالة جامعية(اطروحة ماجستير) جامعة عجلون الوطنية: كلية ادارة الاعمال،تخصص محاسبة، 2021
650 #4 - SUBJECT ADDED ENTRY--TOPICAL TERM
Topical term or geographic name entry element الشركات-محاسبة- صناعة الادوية-وطبية -سامراء-العراق
9 (RLIN) 61203
700 #1 - ADDED ENTRY--PERSONAL NAME
Personal name مأمون محمد القضاة
9 (RLIN) 64873
Relator term مشرف
942 ## - ADDED ENTRY ELEMENTS (KOHA)
Source of classification or shelving scheme Library of Congress Classification
Koha item type Thesis
Holdings
Withdrawn status Lost status Source of classification or shelving scheme Damaged status Not for loan Home library Current library Shelving location Date acquired Total Checkouts Full call number Barcode Date last seen Price effective from Koha item type
    Library of Congress Classification     مكتبة جامعة عجلون الوطنية مكتبة جامعة عجلون الوطنية المراجع 06/06/2023   HF5686 2021 A27648 06/06/2023 06/06/2023 Thesis
    Library of Congress Classification     مكتبة جامعة عجلون الوطنية مكتبة جامعة عجلون الوطنية   24/06/2024   HF5686 2021 a27649 24/06/2024 24/06/2024 Thesis